Flags of Countries That Border Russia - Statistics

General Stats
  • This quiz has been taken 70,153 times
    70,127 since last reset
  • The average score is 12 of 14
Answer Stats
Picture Answer % Correct
China
100%
Finland
98%
Ukraine
97%
Norway
95%
Poland
94%
Estonia
90%
Georgia
90%
Kazakhstan
89%
North Korea
86%
Latvia
81%
Belarus
79%
Mongolia
78%
Lithuania
77%
Azerbaijan
73%
No matching quizzes found
Score Distribution
Percent of People with Each Score
Percentile by Number Answered
Your Score History
You have not taken this quiz since the last reset